000 00660nam a2200217 a 4500
999 _c5110
_d5110
001 5110
003 BD-JhCC
005 20220615134022.0
008 171209s2007 bg ||||| |||| 00| 0 ben d
035 _a(BD-JhCC)5110
040 _aBD-JhCC
_dBD-JhCC
041 _aben
082 _a510
_bRAH 2007
100 _aরহমান, মোঃ ফজলুর
245 _aফান্ডামেন্টালস অভ ম্যাথমেটিকস /
_c মোঃ ফজলুর রহমান
260 _aঢাকা :
_bTitas publications,
_c2007.
300 _a816 p. :
_c21 cm.
650 _aMathematics
942 _2ddc
_cBK
_04